Normal view
MARC view
- United Nation Environment Programme
Entry Personal Name
001 - CONTROL NUMBER
- control field: 20022
003 - CONTROL NUMBER IDENTIFIER
- control field: NUST
005 - DATE AND TIME OF LATEST TRANSACTION
- control field: 20190906040823.0
008 - FIXED-LENGTH DATA ELEMENTS
- fixed length control field: 190906|| aca||aabn | a|a d
040 ## - CATALOGING SOURCE
- Original cataloging agency: NUST
- Transcribing agency: NUST
100 ## - HEADING--PERSONAL NAME
- Personal name: United Nation Environment Programme
670 ## - SOURCE DATA FOUND
- Source citation: Work cat.: (NUST): United Nation Environment Programme, Transport and the Global Environment, 2001
